000 00399nam a22001457a 4500
999 _c18644
_d18644
008 190612b xxu||||| |||| 00| 0 eng d
020 _a0198706168
050 _aJC571
_b.C53 2015 c.1
100 _aClapham, Andrew
245 _aHuman Rights
_ba very short introduction
_cAndrew Clapham
260 _aNew York
_bOUP
_c2015
300 _axviii, 197p.
650 _aHuman rights
942 _2lcc
_cBK